000 00935cam a22002294a 4500
005 20250605164156.0
008 250528s ||||||||||||||||||||||||d
035 _a19610
020 _a9607461339
040 _aGR-AtMCL
_bgre
_dGR-AtMCL
_eAACR2
245 1 _aΚΙΝΗΤΙΚΟΣ ΕΛΕΓΧΟΣ ΘΕΩΡΙΑ ΚΑΙ ΕΦΑΡΜΟΓΕΣ
250 _a1
260 _bΙατρικες Εκδόσεις Σιωκης,
_c2000
300 _a517
505 0 _aΘΕΩΡΗΤΙΚΟ ΠΛΑΙΣΙΟ ΕΡΓΑΣΙΑΣ ΣΤΑΣΗ/ΙΣΟΡΡΟΠΙΑ ΛΕΙΤΟΥΡΓΙΕΣ ΚΙΝΗΤΙΚΟΤΗΤΑΣ ΕΛΕΓΧΟΣ ΑΝΩ ΑΚΡΩΝ
520 _aΘΕΩΡΗΤΙΚΟ ΠΛΑΙΣΙΟ ΕΡΓΑΣΙΑΣ ΣΤΑΣΗ/ΙΣΟΡΡΟΠΙΑ ΛΕΙΤΟΥΡΓΙΕΣ ΚΙΝΗΤΙΚΟΤΗΤΑΣ ΕΛΕΓΧΟΣ ΑΝΩ ΑΚΡΩΝ
700 1 _aShumway-Cook Anne
_95814
700 1 _aWoollacott Marjorie
_95815
942 _cBK
999 _c4866
_d4866